Statistics for Cities by Airport Code - South America

Click here to take the quiz!

General Stats

  • This quiz has been taken 14 times
  • The average score is 12 of 14

Answer Stats

CodeCity% Correct
ASUAsuncion
100%
BOGBogota
100%
LIMLima
100%
SCLSantiago
100%
GRUSao Paulo
100%
BSBBrasilia
92%
CCSCaracas
92%
LAPLa Paz
92%
UIOQuito
92%
GIGRio de Janeiro
92%
FORFortaleza
85%
BAIBuenos Aires
77%
MAOManaus
62%
MARMaracaibo
62%

Score Distribution

Percentile by Number Answered

Percent of People with Each Score

Your Score History

You have not taken this quiz